Music Quiz

Random Music Quiz

I Feel the Earth Move- Carole King (Lyrics) Quiz Stats

 Plays Quiz not verified by Sporcle

Challenge
Share
Tweet
Embed
Score 0/178 Timer 10:00
0 Plays Today
Lyrics % Correct
feel
100%
Earth
100%
the
100%
move
100%
under
100%
my
100%
feet
100%
feel
100%
the
100%
sky
100%
tumblin'
100%
down
100%
feel
100%
my
100%
to
100%
the
100%
feel
100%
the
100%
Earth
100%
move
100%
under
100%
my
100%
feet
100%
feel
100%
the
100%
sky
100%
tumblin'
100%
down
100%
my
100%
feel
100%
to
100%
and
100%
my
100%
my
100%
to
100%
feel
100%
the
100%
Earth
100%
move
100%
under
100%
my
100%
feet
100%
feel
100%
the
100%
sky
100%
down
100%
tumblin'
100%
feel
100%
the
100%
Earth
100%
move
100%
under
100%
my
100%
feet
100%
feel
100%
the
100%
sky
100%
tumblin'
100%
down
100%
tumblin'
100%
Lyrics % Correct
down
100%
down
100%
to
100%
my
100%
and
100%
feel
100%
the
100%
Earth
100%
under
100%
move
100%
my
100%
feet
100%
the
100%
feel
100%
sky
100%
tumblin'
100%
down
100%
tumblin'
100%
down
100%
tumblin'
100%
down
100%
tumblin'
100%
down
100%
tumblin'
100%
down
100%
when
95.5%
your
95.5%
when
95.5%
you
95.5%
when
95.5%
you
95.5%
you
95.5%
you're
90.9%
of
90.9%
at
90.9%
you're
90.9%
you're
90.9%
heart
86.4%
Oh
86.4%
see
86.4%
Oh
86.4%
me
86.4%
heart
86.4%
Oh
86.4%
me
86.4%
around
81.8%
baby
81.8%
face
81.8%
that
81.8%
around
81.8%
near
81.8%
that
81.8%
just
81.8%
just
81.8%
baby
81.8%
just
81.8%
start
77.3%
it
77.3%
look
77.3%
start
77.3%
Lyrics % Correct
very
77.3%
soul
77.3%
whenever
72.7%
as
72.7%
May
72.7%
can't
72.7%
whenever
72.7%
name
72.7%
know
72.7%
can't
72.7%
all
72.7%
all
72.7%
all
72.7%
all
72.7%
I
68.2%
I
68.2%
I
68.2%
I
68.2%
month
68.2%
darling
68.2%
I
68.2%
way
68.2%
I
68.2%
I
68.2%
I
68.2%
darling
68.2%
I
68.2%
are
68.2%
I
68.2%
I
68.2%
I
68.2%
I
68.2%
I
68.2%
I
68.2%
I
68.2%
I
68.2%
over
68.2%
over
68.2%
over
68.2%
over
68.2%
I
68.2%
I
68.2%
tremblin'
63.6%
tremblin'
63.6%
call
63.6%
have
63.6%
control
63.6%
stand
54.5%
tenderly
54.5%
something
54.5%
tame
54.5%
got
54.5%
lose
54.5%
get
54.5%
mellow
50%
emotions
50%
hot
45.5%
cold
45.5%

You're not logged in!

Compare scores with friends on all Sporcle quizzes.
OR
Log In

You Might Also Like...

Show Comments

Extras

Created Feb 11, 2019ReportNominate
Tags:1971, 70s Songs, Carole King

Top Quizzes Today


Score Distribution

Your Account Isn't Verified!

In order to create a playlist on Sporcle, you need to verify the email address you used during registration. Go to your Sporcle Settings to finish the process.

Report this User

Report this user for behavior that violates our Community Guidelines.

Details: